La Minúscula Ensayística Ilustrada/ (Record no. 2994)

MARC details
000 -LEADER
campo de control de longitud fija 00805nam a22002297a 4500
003 - IDENTIFICADOR DE NÚMERO DE CONTROL
campo de control OSt
005 - FECHA Y HORA DE LA ÚLTIMA TRANSACCIÓN
campo de control 20230201082551.0
008 - DATOS DE LONGITUD FIJA--INFORMACIÓN GENERAL
campo de control de longitud fija 221006b |||||||| |||| 00| 0 eng d
022 ## - NÚMERO INTERNACIONAL NORMALIZADO PARA PUBLICACIONES SERIADAS
Número Internacional Normalizado para Publicaciones Seriadas 2500 8501 Noviembre
040 ## - FUENTE DE CATALOGACIÓN
Centro/agencia transcriptor Biblioteca Lado V
082 ## - NÚMERO DE LA CLASIFICACIÓN DECIMAL DEWEY
Número de clasificación 741
Número de ítem G186m
100 ## - ENTRADA PRINCIPAL--NOMBRE DE PERSONA
9 (RLIN) 704
Nombre de persona Gamarra, Jose
Término indicativo de función/relación autor
130 ## - ENTRADA PRINCIPAL--TÍTULO UNIFORME
9 (RLIN) 701
Título uniforme La Minúscula Ensayística Ilustrada
Lenguaje de la obra spa
245 ## - MENCIÓN DEL TÍTULO
Título La Minúscula Ensayística Ilustrada/
Resto del título Desconfiados/
260 ## - PUBLICACIÓN, DISTRIBUCIÓN, ETC.
Nombre del editor, distribuidor, etc. Mincultura
Lugar de publicación, distribución, etc. Colombia
Fecha de publicación, distribución, etc. 2016
300 ## - DESCRIPCIÓN FÍSICA
Dimensiones 6x8cm
Extensión 56p.
490 ## - MENCIÓN DE SERIE
Mención de serie La Minúscula Ensayística Ilustrada
Designación de volumen o secuencia Volumen 2 Noviembre
650 #0 - PUNTO DE ACCESO ADICIONAL DE MATERIA--TÉRMINO DE MATERIA
Fuente del encabezamiento o término Tesauro de Arte & Arquitectura
Término de materia o nombre geográfico como elemento de entrada DIBUJO
9 (RLIN) 702
650 ## - PUNTO DE ACCESO ADICIONAL DE MATERIA--TÉRMINO DE MATERIA
Fuente del encabezamiento o término Tesauro de Arte & Arquitectura
Término de materia o nombre geográfico como elemento de entrada ARTE
650 ## - PUNTO DE ACCESO ADICIONAL DE MATERIA--TÉRMINO DE MATERIA
Fuente del encabezamiento o término Tesauro de Arte & Arquitectura
Término de materia o nombre geográfico como elemento de entrada ILUSTRACION
942 ## - ELEMENTOS DE ENTRADA SECUNDARIOS (KOHA)
Fuente del sistema de clasificación o colocación Clasificación Decimal Dewey
Tipo de ítem Koha Libros
Parte de la signatura que corresponde a la clasificación (Parte de la clasificación) 741
Parte de la signatura que identifica el ejemplar (Parte del ítem) G186m
Suprimir en OPAC No

No items available.